Como te mueves? / (Record no. 25290)
[ view plain ]
| 000 -LEADER | |
|---|---|
| fixed length control field | 01104cam a2200325Ia 4500 |
| 001 - CONTROL NUMBER | |
| control field | 76158541 |
| 003 - CONTROL NUMBER IDENTIFIER | |
| control field | OCoLC |
| 005 - DATE AND TIME OF LATEST TRANSACTION | |
| control field | 20210222221530.0 |
| 008 - FIXED-LENGTH DATA ELEMENTS--GENERAL INFORMATION | |
| fixed length control field | 061116s2006 mnua b 001 0 spa d |
| 010 ## - LIBRARY OF CONGRESS CONTROL NUMBER | |
| LC control number | 2005015713 |
| 020 ## - INTERNATIONAL STANDARD BOOK NUMBER | |
| International Standard Book Number | 0736873252 (hardcover) : |
| Terms of availability | $15.93 |
| 020 ## - INTERNATIONAL STANDARD BOOK NUMBER | |
| International Standard Book Number | 9780736873253 (hardcover) |
| 020 ## - INTERNATIONAL STANDARD BOOK NUMBER | |
| International Standard Book Number | 0736874119 (softcover pbk.) |
| 020 ## - INTERNATIONAL STANDARD BOOK NUMBER | |
| International Standard Book Number | 9780736874113 (softcover pbk.) |
| 040 ## - CATALOGING SOURCE | |
| Original cataloging agency | LD4 |
| Transcribing agency | LD4 |
| Modifying agency | LD4 |
| 041 ## - LANGUAGE CODE | |
| Language code of text/sound track or separate title | spa |
| 100 1# - MAIN ENTRY--PERSONAL NAME | |
| Personal name | Catala, Ellen. |
| 240 10 - UNIFORM TITLE | |
| Uniform title | <a href="How do you move?">How do you move?</a> |
| Language of a work | Spanish. |
| 245 10 - TITLE STATEMENT | |
| Title | Como te mueves? / |
| Statement of responsibility, etc. | por Ellen Catala ; consultant, Robyn Barbiers ; [adapted translation, Gloria Ramos]. |
| 260 ## - PUBLICATION, DISTRIBUTION, ETC. (IMPRINT) | |
| Place of publication, distribution, etc. | Bloomington, Minn. : |
| Name of publisher, distributor, etc. | Red Brick Learning, |
| Date of publication, distribution, etc. | c2006. |
| 300 ## - PHYSICAL DESCRIPTION | |
| Extent | 17 p. : |
| Other physical details | col. ill. ; |
| Dimensions | 21 cm. |
| 490 1# - SERIES STATEMENT | |
| Series statement | Libros sombrilla amarilla para lectores principiantes. |
| -- | Nivel A, |
| -- | Ciencia. |
| 500 ## - GENERAL NOTE | |
| General note | Includes index. |
| 521 ## - TARGET AUDIENCE NOTE | |
| Target audience note | Nivel A, ciencia. |
| 650 #0 - SUBJECT ADDED ENTRY--TOPICAL TERM | |
| Topical term or geographic name as entry element | Locomotion |
| Form subdivision | Juvenile literature. |
| 650 #0 - SUBJECT ADDED ENTRY--TOPICAL TERM | |
| Topical term or geographic name as entry element | Locomocion |
| Form subdivision | Literatura juvenil. |
| 700 1# - ADDED ENTRY--PERSONAL NAME | |
| Personal name | Ramos, Gloria. |
| 830 #0 - SERIES ADDED ENTRY--UNIFORM TITLE | |
| Uniform title | Yellow Umbrella Books. |
| Name of part/section of a work | Science. |
| -- | Spanish. |
| 942 ## - ADDED ENTRY ELEMENTS (KOHA) | |
| Koha item type | Libro/Book |
| Withdrawn status | Lost status | Damaged status | Not for loan | Home library | Current library | Shelving location | Date acquired | Inventory number | Total Checkouts | Total Renewals | Full call number | Barcode | Checked out | Date last seen | Date checked out | Price effective from | Koha item type |
|---|---|---|---|---|---|---|---|---|---|---|---|---|---|---|---|---|---|
| San Juan Del Sur -- Biblioteca | Cardenas | 20/01/2015 | 5 | 33002136 | 29/09/2016 | 29/09/2016 | 20/01/2015 | Libro/Book | |||||||||
| San Juan Del Sur -- Mobile | Sapoa | Children's Area | 18/04/2014 | Checked out from 2022 - Feb 2025 | 13 | ESTANTES (ESPANOL) | 33011451 | 09/05/2022 | 04/04/2022 | 04/04/2022 | 18/04/2014 | Libro/Book |